000 00490nam a2200205Ia 4500
005 20250425162504.0
008 250425s9999 xx 000 0 und d
020 _a9789942031716
041 _aspa
082 _a863.69866
100 _aRUEDA LATASA, IGNACIO
245 0 _aROMPER AGUAS
250 _a1A ED.
260 _aEcuador
_bM.I. MUNICIPALIDAD DE GUAYAQUIL
_c2010
260 _aGUAYAQUIL
300 _a227
650 _aNOVELA ECUATORIANA
942 _c01
010 _a77387
999 _c230241
_d230241